000 00307nam a22001337a 4500
003 OSt
005 20231128151252.0
008 231128b |||||||| |||| 00| 0 eng d
040 _cCO-JMCR
082 _aN /
_bFERc
100 _aFerrari, Andrea,
_942996
245 _aEl camino de Sherlock /
942 _2ddc
_cBK
999 _c30411
_d16795